Christian Mind (Record no. 18969)
[ view plain ]
| 000 -LEADER | |
|---|---|
| fixed length control field | 00566nam a2200241 a 4500 |
| 020 ## - INTERNATIONAL STANDARD BOOK NUMBER | |
| ISBN | |
| 082 00 - DEWEY DECIMAL CLASSIFICATION NUMBER | |
| Classification number | 248.4 |
| Author Cutter | BLA1 |
| 100 ## - MAIN ENTRY--AUTHOR NAME | |
| Author name | Blamires, Harry |
| 245 ## - TITLE STATEMENT | |
| Title | Christian Mind |
| 260 ## - PUBLICATION, DISTRIBUTION, ETC. (IMPRINT) | |
| Place of publication | London |
| Name of publisher | Spck |
| Year of publication | 1963 |
| 300 ## - PHYSICAL DESCRIPTION | |
| Number of Pages | 191p |
| 500 ## - GENERAL NOTE | |
| General note | includes index and biblioraphy |
| 505 2# - FORMATTED CONTENTS NOTE | |
| Formatted contents note | Foreign Parts 1701-1950 |
| 650 ## - SUBJECT ADDED ENTRY--TOPICAL TERM | |
| Topical Term | Christian-Life |
| 942 ## - ADDED ENTRY ELEMENTS (KOHA) | |
| Koha item type | Books |
| 700 1# - | |
| -- | Blamires, Harry |
| Collection code | Home library | Current library | Date acquired | Cost, normal purchase price | Full call number | Accession Number | Koha item type |
|---|---|---|---|---|---|---|---|
| Henry Martyn Institute Library | Henry Martyn Institute Library | 07/06/2007 | 100.00 | 248.4 BLA1 | 11001406 | Books |
